| 000 | 00885nam a22002057a 4500 | ||
|---|---|---|---|
| 999 |
_c7161 _d7161 |
||
| 003 | AR-CdUCM | ||
| 008 | 190320b ||||| |||| 00| 0 spa d | ||
| 020 | _a9972-9065-0-7 | ||
| 040 |
_aMUNICIPALIDAD PROVINCIAL DEL CUSCO _cBIBLIOTECA MUNICIPAL DEL CUSCO |
||
| 082 |
_a621.30985 / _bB72 |
||
| 100 |
_aBonfiglio Volpe, Giovanni _920190 |
||
| 245 |
_aHistoria de la electricidad en Lima : _bNoventa años de modernidad / |
||
| 260 |
_aLima : _bMuseo de la Electricidad, _c1997. |
||
| 300 |
_a141 paginas ; _c20 cm. |
||
| 505 | _aContenido :El alumbrado publico en Lima durante el siglo XIX -- El surgimiento de empresas eléctricas asociadas -- El cambio en la década del veinte -- El plan de expansión a largo plazo --Electro lima 1974-1996 ... | ||
| 650 |
_aLa energía eléctrica _920191 |
||
| 650 |
_aHistoria de la electricidad _920192 |
||
| 942 |
_2ddc _cLIBROS |
||
| 945 | _arum | ||